000 00363nam a2200145Ia 4500
008 230917s9999||||xx |||||||||||||| ||und||
040 _e147602
_aMAIN
041 _aEnglish
082 _a301.045 D935P
100 _aDurkheim, Emile
245 0 _aPragmatism and sociology
260 _aLondon
_bCambridge University Press
_c1983
300 _a143 p.
942 _cBK
999 _c38317
_d38317